000 00799cam a2200217 a 4500
001 000002349
005 20200929150204.0
008 771214s1968 sp c b 001 m spa
040 _aDO-SdBNP
_cDLC
_dDLC
043 _ae-sp
082 _a862.6
_bN523t
100 1 _aNeville, Edgar,
_q(Conde de Berlanga de Duero),
_d1899-1967.
_97463
245 1 0 _aTeatro selecto de Edgar Neville /
_cEdgar Neville ; prólogo, Víctor Ruiz Iriarte.
260 _aMadrid :
_bEscelicer,
_c1968.
300 _a[461] p. :
_bretrs. ;
_c18 cm.
505 0 _aVeinte añitos.--El baile.--Rapto.--Prohibido en otoño.--La vida en un hilo.--Alta fidelidad.
650 4 _aTeatro español
_93071
650 4 _aLiteratura española
_9632
700 1 _aRuiz Iriarte, Víctor.
_eprol.
_97464
910 _aCatalogación por copia / LC
999 _c2191
_d2191